| 000 | 00798nam a22001937a 4500 | ||
|---|---|---|---|
| 003 | OSt | ||
| 005 | 20250827175336.0 | ||
| 008 | 240313b ||||| |||| 00| 0 eng d | ||
| 040 | _c0 | ||
| 082 | _aDPer 621.317 Ie21 July 2022 v. 37 n. 7 | ||
| 100 |
_aChen, Mingyun. _eauthor. _954414 |
||
| 245 |
_aMultiple open-circuit fault diagnosis method in NPC rectifiers fault injection strategy / _cMingyun Chen And Yigang He. |
||
| 260 |
_aNew York ; _bThe Institute of Electrical and Electronics Engineers, Inc. , _cJuly 2022. |
||
| 300 |
_avolume 37, pages 8554-8571 : _billustration ; _c28 cm. |
||
| 500 | _aIEEE Transactions on Power Electronics, vol. 37, no. 7, pages 8554-8571, July 2022. | ||
| 700 |
_aChen, Mingyun. _eauthor. _954414 |
||
| 700 |
_aHe, Yigang. _eauthor. _954415 |
||
| 942 |
_2ddc _cPER |
||
| 999 |
_c19622 _d19622 |
||